000 00378nam a22001697a 4500
003 MPLRDC
005 20220104114543.0
008 210129b ||||| |||| 00| 0 eng d
082 _a857.7 CHQ
100 _a陈浩泉
245 _a香港狂人
_c
250 _a初版
260 _a
_b莎莎书舍
_c1983
300 _b
650 _a长篇小说
942 _cBK
_o857.7 CHQ
999 _c8386
_d8376